[Event "Suwalki Warakomska Memorial-B 1st"]
[Site "Suwalki"]
[Date "2017.08.16"]
[Round "7"]
[White "Sapeta, Robert"]
[Black "Beczala, Pawel"]
[Result "1-0"]
[WhiteElo "2040"]
[BlackElo "1789"]
[PlyCount "53"]
[EventDate "2017.08.11"]
[EventType "swiss"]
[EventRounds "9"]
[EventCountry "POL"]
[SourceTitle "CBM 180 Extra"]
[Source "ChessBase"]
[SourceDate "2017.10.06"]
[SourceVersion "1"]
[SourceVersionDate "2017.10.06"]
[SourceQuality "1"]

1. d4 g6 2. e4 d5 3. exd5 Qxd5 4. Nc3 Qd8 5. Bc4 Nf6 6. Nf3 Bg7 7. Bg5 Bg4 8. Bxf7+ Kxf7 9. Ne5+ Kf8 10. Nxg4 Nc6 11. d5 Nxg4 12. Qf3+ Bf6 13. Bxf6 exf6 14. Qxg4 Qe7+ 15. Kd2 Qb4 16. Qxb4+ Nxb4 17. Rad1 Kf7 18. a3 Na6 19. Rhe1 Rad8 20. Kc1 Rd7 21. Nb5 Rhd8 22. c4 c6 23. dxc6 bxc6 24. Nxa7 Nb8 25. b4 Rd4 26. Rxd4 Rxd4 27. c5 1-0

[Event "Suwalki Warakomska Memorial-B 1st"]
[Site "Suwalki"]
[Date "2017.08.15"]
[Round "6"]
[White "Beczala, Pawel"]
[Black "Grabowski, Adam"]
[Result "1/2-1/2"]
[WhiteElo "1789"]
[BlackElo "2063"]
[PlyCount "96"]
[EventDate "2017.08.11"]
[EventType "swiss"]
[EventRounds "9"]
[EventCountry "POL"]
[SourceTitle "CBM 180 Extra"]
[Source "ChessBase"]
[SourceDate "2017.10.06"]
[SourceVersion "1"]
[SourceVersionDate "2017.10.06"]
[SourceQuality "1"]

1. e4 c6 2. c4 d5 3. exd5 cxd5 4. cxd5 Nf6 5. Qa4+ Nbd7 6. Nc3 g6 7. Bc4 Bg7 8. Nf3 0-0 9. d3 Nb6 10. Qb3 Bg4 11. Ne5 Qc7 12. f4 Qc5 13. h3 Bc8 14. Ke2 Nh5 15. Be3 Nxf4+ 16. Bxf4 Qd4 17. Nxg6 hxg6 18. Be3 Qe5 19. Rhf1 Bf5 20. Rf3 Rad8 21. Kf2 Qc7 22. Nb5 Qb8 23. Re1 Nd7 24. Kg1 a6 25. Nd4 Ne5 26. Rf2 b5 27. Nxf5 gxf5 28. Bf4 f6 29. d4 bxc4 30. Qg3 Qb4 31. Bd2 Qd6 32. dxe5 fxe5 33. Bc3 f4 34. Qxg7+ Kxg7 35. Bxe5+ Kg6 36. Bxd6 Rxd6 37. Rxe7 Rxd5 38. Re6+ Kg5 39. Rxa6 Re8 40. h4+ Kf5 41. g3 Kg4 42. gxf4 Kh3 43. Ra3+ Kxh4 44. Rg2 Re1+ 45. Kh2 Rd3 46. Rf2 Rxa3 47. bxa3 c3 48. Rc2 Kg4 1/2-1/2

[Event "Suwalki Warakomska Memorial-B 1st"]
[Site "Suwalki"]
[Date "2017.08.14"]
[Round "5"]
[White "Czaplewska, Klara"]
[Black "Beczala, Pawel"]
[Result "0-1"]
[WhiteElo "1934"]
[BlackElo "1789"]
[PlyCount "60"]
[EventDate "2017.08.11"]
[EventType "swiss"]
[EventRounds "9"]
[EventCountry "POL"]
[SourceTitle "CBM 180 Extra"]
[Source "ChessBase"]
[SourceDate "2017.10.06"]
[SourceVersion "1"]
[SourceVersionDate "2017.10.06"]
[SourceQuality "1"]

1. e4 g6 2. d4 d5 3. e5 Bg7 4. f4 Nh6 5. Nf3 c6 6. Be2 f6 7. 0-0 0-0 8. c4 Be6 9. b3 Nd7 10. Nc3 Nb6 11. c5 Nd7 12. a4 a5 13. Be3 Ng4 14. Qd2 b6 15. h3 Nxe3 16. Qxe3 Rc8 17. Bd3 bxc5 18. dxc5 Bh6 19. Rae1 Qc7 20. Qd4 f5 21. Rc1 Rb8 22. Nd2 Rb4 23. Qf2 Rxf4 24. Qe2 Rxf1+ 25. Kxf1 Qxe5 26. Re1 Qxe2+ 27. Rxe2 Nxc5 28. Bc2 Bxd2 29. Rxd2 Bc8 30. Kf2 e5 0-1

[Event "Suwalki Warakomska Memorial-B 1st"]
[Site "Suwalki"]
[Date "2017.08.12"]
[Round "2"]
[White "Beczala, Pawel"]
[Black "Pawelec, Bartosz"]
[Result "1-0"]
[WhiteElo "1789"]
[BlackElo "2050"]
[PlyCount "49"]
[EventDate "2017.08.11"]
[EventType "swiss"]
[EventRounds "9"]
[EventCountry "POL"]
[SourceTitle "CBM 180 Extra"]
[Source "ChessBase"]
[SourceDate "2017.10.06"]
[SourceVersion "1"]
[SourceVersionDate "2017.10.06"]
[SourceQuality "1"]

1. e4 c6 2. c4 d5 3. exd5 cxd5 4. cxd5 Nf6 5. Qa4+ Nbd7 6. Nc3 g6 7. Bc4 Bg7 8. Nf3 0-0 9. d3 Nc5 10. Qc2 b6 11. b4 Na6 12. b5 Nb4 13. Qb3 Nbxd5 14. Nxd5 Nxd5 15. Bxd5 Bxa1 16. Bh6 Rb8 17. Bxf8 Kxf8 18. Bxf7 e6 19. 0-0 Qf6 20. d4 Bxd4 21. Nxd4 Kxf7 22. Qc4 Qf4 23. Qc6 Kf6 24. Qe8 Kg7 25. Qxc8 1-0

[Event "Suwalki Warakomska Memorial-B 1st"]
[Site "Suwalki"]
[Date "2017.08.11"]
[Round "1"]
[White "Falkowski, Dawid"]
[Black "Beczala, Pawel"]
[Result "1-0"]
[WhiteElo "2013"]
[BlackElo "1789"]
[PlyCount "47"]
[EventDate "2017.08.11"]
[EventType "swiss"]
[EventRounds "9"]
[EventCountry "POL"]
[SourceTitle "CBM 180 Extra"]
[Source "ChessBase"]
[SourceDate "2017.10.06"]
[SourceVersion "1"]
[SourceVersionDate "2017.10.06"]
[SourceQuality "1"]

1. e4 g6 2. f4 Bg7 3. d4 d5 4. e5 Nh6 5. Nf3 f6 6. c4 c6 7. Nc3 Be6 8. Qb3 Qd7 9. Be3 Kf7 10. cxd5 cxd5 11. Bb5 Nc6 12. Na4 Rhd8 13. Rc1 Qc7 14. 0-0 a6 15. Bd3 b5 16. Nc5 Bf5 17. Ng5+ fxg5 18. fxg5 Bxe5 19. gxh6 Bxd4 20. Bxf5 gxf5 21. Rxf5+ Bf6 22. Rxd5 Na5 23. Qd3 Kg8 24. Nxa6 1-0

[Event "POL-chT U19 2nd League"]
[Site "Szczyrk"]
[Date "2014.07.28"]
[Round "6.50"]
[White "Beczala, Pawel"]
[Black "Szolc, Grzegorz"]
[Result "1/2-1/2"]
[WhiteElo "1711"]
[BlackElo "1883"]
[PlyCount "129"]
[EventDate "2014.07.25"]
[EventType "team-swiss"]
[EventRounds "11"]
[EventCountry "POL"]
[SourceTitle "EXT 2015"]
[Source "ChessBase"]
[SourceDate "2014.11.20"]
[SourceVersion "1"]
[SourceVersionDate "2014.11.20"]
[SourceQuality "1"]
[WhiteTeam "Podlesie UKS 21 U19"]
[BlackTeam "Gliwice Politechnika Slaska U19"]
[WhiteTeamCountry "POL"]
[BlackTeamCountry "POL"]

1. e4 c5 2. Nc3 e5 3. Bc4 Nc6 4. d3 Nf6 5. Nge2 Be7 6. 0-0 0-0 7. f4 d6 8. a3 a6 9. h3 b5 10. Ba2 Rb8 11. Ng3 Nd4 12. Nce2 a5 13. Kh1 Bd7 14. Ng1 b4 15. axb4 axb4 16. c3 bxc3 17. bxc3 Nb5 18. Qc2 Qc7 19. Be3 Rb7 20. Bc4 Rfb8 21. Nf3 h6 22. Ra2 exf4 23. Bxf4 Be6 24. Bxe6 fxe6 25. e5 Nd5 26. exd6 Nxd6 27. Be5 Ne3 28. Bxd6 Bxd6 29. Qe2 Nxf1 30. Qxe6+ Qf7 31. Qxf7+ Kxf7 32. Nxf1 Rb3 33. Rc2 Rb2 34. Rxb2 Rxb2 35. Kg1 Rc2 36. c4 Rc3 37. Ne1 Be5 38. Kf2 Bd4+ 39. Ke2 Ra3 40. Nc2 Ra2 41. Kd2 Ke6 42. Ng3 Ra7 43. Ne4 Rf7 44. Ke2 Kd7 45. Ne3 Bxe3 46. Kxe3 Kc6 47. g3 Ra7 48. Kf3 Ra3 49. Ke3 Ra8 50. Kf3 Rf8+ 51. Ke2 Rf5 52. Ke3 Kb6 53. h4 Rf7 54. Ke2 Rc7 55. Ke3 Ka5 56. Nc3 Rf7 57. Ne4 Kb4 58. Ke2 Rc7 59. Kd2 Re7 60. Ke3 Rf7 61. Ke2 Rf5 62. Ke3 Re5 63. Kf4 Re7 64. Kf3 Rf7+ 65. Ke2 1/2-1/2

[Event "POL-chT U19 2nd League"]
[Site "Szczyrk"]
[Date "2014.07.25"]
[Round "1.98"]
[White "Michalski, Filip"]
[Black "Beczala, Pawel"]
[Result "1/2-1/2"]
[WhiteElo "1740"]
[BlackElo "1711"]
[PlyCount "93"]
[EventDate "2014.07.25"]
[EventType "team-swiss"]
[EventRounds "11"]
[EventCountry "POL"]
[SourceTitle "EXT 2015"]
[Source "ChessBase"]
[SourceDate "2014.11.20"]
[SourceVersion "1"]
[SourceVersionDate "2014.11.20"]
[SourceQuality "1"]
[WhiteTeam "Wielkopolski OTSz Ostrow U19"]
[BlackTeam "Podlesie UKS 21 U19"]
[WhiteTeamCountry "POL"]
[BlackTeamCountry "POL"]

1. d4 c5 2. Nf3 cxd4 3. Nxd4 g6 4. c4 Nc6 5. e4 Nf6 6. Nc3 d6 7. Be2 Nxd4 8. Qxd4 Bg7 9. Be3 0-0 10. Qd2 Be6 11. 0-0 Qa5 12. f3 Rfe8 13. Rac1 Rac8 14. b3 a6 15. Rfd1 Nd7 16. Nd5 Qxd2 17. Rxd2 Bxd5 18. Rxd5 Rc6 19. g3 Rec8 20. Rcd1 h6 21. Bf1 Nb6 22. R5d3 Kh7 23. f4 Rf8 24. Bg2 Nc8 25. e5 Rc7 26. exd6 exd6 27. Bc1 Re8 28. Kf2 b5 29. Bd5 Nb6 30. Be3 Nxd5 31. cxd5 Rc2+ 32. R1d2 Rec8 33. Ke2 Rb2 34. Rxb2 Bxb2 35. Rd2 Bc1 36. Rd3 Bxe3 37. Kxe3 Rc2 38. Rd2 Rxd2 39. Kxd2 g5 40. fxg5 hxg5 41. Ke3 Kg6 42. Ke4 f5+ 43. Ke3 g4 44. b4 Kg5 45. a3 Kg6 46. Kd3 Kf6 47. Kd4 1/2-1/2

[Event "POL Region-ch U15"]
[Site "Szczyrk"]
[Date "2012.10.21"]
[Round "6.6"]
[White "Beczala, Pawel"]
[Black "Blaszczak, Jedrzej"]
[Result "1-0"]
[WhiteElo "1771"]
[BlackElo "1512"]
[PlyCount "85"]
[EventDate "2012.10.14"]
[EventType "swiss"]
[EventRounds "9"]
[EventCountry "POL"]
[SourceTitle "EXT 2023"]
[Source "ChessBase"]
[SourceDate "2022.10.05"]
[SourceVersion "1"]
[SourceVersionDate "2022.10.05"]
[SourceQuality "1"]

1. e4 e5 2. d4 exd4 3. Nf3 Nc6 4. Bc4 Na5 5. Qxd4 Nxc4 6. Qxc4 Be7 7. Ne5 d5 8. Qxd5 Qxd5 9. exd5 Bf6 10. Bf4 Bf5 11. c4 0-0-0 12. 0-0 Bxe5 13. Bxe5 f6 14. Bf4 g5 15. Be3 Nh6 16. b3 Ng4 17. h3 Ne5 18. Nc3 g4 19. hxg4 Bxg4 20. Bd4 Rhg8 21. Bxe5 fxe5 22. f3 Bd7 23. Rae1 Rg5 24. Rf2 Rdg8 25. Ne4 R5g6 26. Nc5 Bh3 27. Ree2 Rg5 28. Nd3 Bf5 29. Nxe5 h5 30. Nf7 R5g6 31. Ne5 Rg5 32. Kf1 Rg3 33. Ke1 h4 34. Kd2 h3 35. gxh3 Bxh3 36. f4 Bf5 37. Re3 Rg1 38. Nf7 Ra1 39. Kc3 Rgg1 40. Re8+ Kd7 41. Rfe2 Rgc1+ 42. Kb4 a5+ 43. Ka3 1-0

[Event "POL Region-ch U15"]
[Site "Szczyrk"]
[Date "2012.10.21"]
[Round "3.4"]
[White "Beczala, Pawel"]
[Black "Kosmala, Mateusz"]
[Result "1/2-1/2"]
[WhiteElo "1771"]
[BlackElo "1865"]
[PlyCount "42"]
[EventDate "2012.10.14"]
[EventType "swiss"]
[EventRounds "9"]
[EventCountry "POL"]
[SourceTitle "EXT 2023"]
[Source "ChessBase"]
[SourceDate "2022.10.05"]
[SourceVersion "1"]
[SourceVersionDate "2022.10.05"]
[SourceQuality "1"]

1. e4 a6 2. Nc3 c5 3. f4 e6 4. Nf3 Nc6 5. g3 b6 6. Bg2 Bb7 7. d3 d5 8. 0-0 d4 9. Ne2 Qe7 10. a3 0-0-0 11. c3 dxc3 12. bxc3 Qd7 13. d4 Nf6 14. e5 Nd5 15. Rb1 cxd4 16. cxd4 b5 17. h3 h6 18. Kh2 g6 19. Qd3 Kb8 20. Bb2 Rc8 21. Rbc1 Be7 1/2-1/2

[Event "POL Region-ch U15"]
[Site "Szczyrk"]
[Date "2012.10.21"]
[Round "2.6"]
[White "Beczala, Pawel"]
[Black "Wiaterek, Jakub"]
[Result "1/2-1/2"]
[WhiteElo "1771"]
[BlackElo "1598"]
[PlyCount "99"]
[EventDate "2012.10.14"]
[EventType "swiss"]
[EventRounds "9"]
[EventCountry "POL"]
[SourceTitle "EXT 2023"]
[Source "ChessBase"]
[SourceDate "2022.10.05"]
[SourceVersion "1"]
[SourceVersionDate "2022.10.05"]
[SourceQuality "1"]

1. e4 e6 2. d4 d5 3. Nc3 Nf6 4. Bg5 Be7 5. e5 Nfd7 6. Bxe7 Qxe7 7. f4 a6 8. Nf3 c5 9. dxc5 Nxc5 10. Bd3 Nc6 11. 0-0 b5 12. a3 Bb7 13. Kh1 f5 14. Ng5 0-0 15. Qh5 h6 16. Nf3 Rac8 17. Rac1 b4 18. axb4 Nxb4 19. Rcd1 Qf7 20. Qh4 Qd7 21. Nd4 Rfe8 22. Qf2 Rc7 23. Rg1 Qc8 24. g4 Ne4 25. Qg2 fxg4 26. Nxe4 dxe4 27. Bxe4 Bxe4 28. Qxe4 Nxc2 29. Rxg4 Nxd4 30. Qxd4 Qb7+ 31. Kg1 Rb8 32. Rg2 Qb6 33. h3 Rc1 34. Kh2 Rxd1 35. Qxd1 Rd8 36. Qg4 Rd7 37. Qg6 Rf7 38. f5 Qe3 39. Qxe6 Qf4+ 40. Kg1 Qxf5 41. Qxa6 Qe4 42. Qe2 Qxe2 43. Rxe2 Rb7 44. Kf1 Rb3 45. Rh2 Kf7 46. Ke1 Ke6 47. Kd1 Kxe5 48. Kc2 Kd4 49. h4 Rb6 50. Rg2 1/2-1/2

[Event "POL Region-ch U15"]
[Site "Szczyrk"]
[Date "2012.10.21"]
[Round "7.5"]
[White "Rosicki, Marcin"]
[Black "Beczala, Pawel"]
[Result "1-0"]
[WhiteElo "1711"]
[BlackElo "1771"]
[PlyCount "85"]
[EventDate "2012.10.14"]
[EventType "swiss"]
[EventRounds "9"]
[EventCountry "POL"]
[SourceTitle "EXT 2023"]
[Source "ChessBase"]
[SourceDate "2022.10.05"]
[SourceVersion "1"]
[SourceVersionDate "2022.10.05"]
[SourceQuality "1"]

1. e4 c5 2. c4 g6 3. Nc3 Nc6 4. Nge2 Nf6 5. g3 Bg7 6. Bg2 d6 7. 0-0 0-0 8. d3 a6 9. Be3 Ng4 10. Bc1 f5 11. h3 Nf6 12. Nf4 e5 13. Nfd5 fxe4 14. Nxf6+ Qxf6 15. Nxe4 Qe6 16. Nxc5 Qe7 17. Ne4 Bf5 18. g4 Bxe4 19. Bxe4 Nd4 20. Be3 Ne6 21. Bd5 Kh8 22. Bxe6 Qxe6 23. Rc1 Rad8 24. d4 e4 25. Bg5 Rc8 26. Re1 Rxc4 27. d5 Qc8 28. b3 Rxc1 29. Qxc1 Qxc1 30. Bxc1 Bd4 31. Be3 Bc3 32. Rc1 Ba5 33. Rc4 Re8 34. b4 b5 35. Rc6 Bxb4 36. Bd4+ Kg8 37. Rc7 Bc5 38. Bxc5 dxc5 39. Rxc5 e3 40. fxe3 Rxe3 41. d6 Kf7 42. Rc7+ Ke6 43. Re7+ 1-0

[Event "POL-chT U19 2nd League"]
[Site "Borowice"]
[Date "2012.07.23"]
[Round "4"]
[White "Wisniewski, Michal"]
[Black "Beczala, Pawel"]
[Result "0-1"]
[WhiteElo "1854"]
[BlackElo "1732"]
[PlyCount "160"]
[EventDate "2012.07.21"]
[EventType "team-swiss"]
[EventRounds "11"]
[EventCountry "POL"]
[SourceTitle "EXT 2014"]
[Source "ChessBase"]
[SourceDate "2013.11.20"]
[SourceVersion "1"]
[SourceVersionDate "2013.11.20"]
[SourceQuality "1"]
[WhiteTeam "Opole Rodlo U19"]
[BlackTeam "Podlesie UKS 21 U19"]
[WhiteTeamCountry "POL"]
[BlackTeamCountry "POL"]

1. e4 c5 2. Nf3 g6 3. c4 Nc6 4. d4 cxd4 5. Nxd4 Nf6 6. Nc3 d6 7. Be2 Nxd4 8. Qxd4 Bg7 9. Be3 0-0 10. Qd2 Be6 11. 0-0 a6 12. Rfc1 Rc8 13. b3 Re8 14. Rab1 Qa5 15. f3 Nd7 16. Bf1 b5 17. b4 Qc7 18. c5 dxc5 19. bxc5 Qa5 20. Bd4 Bxd4+ 21. Qxd4 Rxc5 22. Nd5 Rxc1 23. Rxc1 Bxd5 24. Qxd5 Qb6+ 25. Kh1 Nf6 26. Qb3 Nh5 27. Qd5 Rd8 28. Qg5 Qf6 29. Qc5 Qd6 30. Qc2 Nf4 31. a4 Nd3 32. Bxd3 Qxd3 33. Qxd3 Rxd3 34. axb5 axb5 35. h3 Rb3 36. Kh2 Kg7 37. Kg3 Rb2 38. Rc5 b4 39. Rb5 b3 40. Rb6 Rb1 41. Kf4 b2 42. g3 h6 43. h4 f6 44. h5 e5+ 45. Kg4 gxh5+ 46. Kf5 Rf1 47. Rb7+ Kf8 48. Rxb2 Rxf3+ 49. Kg6 Ke7 50. Rb7+ Kd6 51. Kxh5 Rxg3 52. Kxh6 Kc5 53. Kh5 Kd4 54. Kh4 Rg1 55. Rb6 Rf1 56. Rb4+ Ke3 57. Kh5 Rf4 58. Kg6 Kd3 59. Ra4 Rxe4 60. Ra3+ Kd4 61. Kxf6 Rf4+ 62. Ke6 e4 63. Ra4+ Ke3 64. Ke5 Rh4 65. Kf5 Rh5+ 66. Kg4 Rd5 67. Kg3 Rg5+ 68. Kh2 Kf3 69. Ra8 Ke2 70. Ra2+ Kf3 71. Ra8 e3 72. Rf8+ Ke2 73. Re8 Kf2 74. Rf8+ Ke1 75. Rd8 e2 76. Re8 Rc5 77. Kg2 Rc2 78. Rh8 Kd1 79. Rd8+ Rd2 80. Ra8 e1Q+ 0-1

[Event "Rewal op-B 16th"]
[Site "Rewal"]
[Date "2011.08.24"]
[Round "5"]
[White "Starczewska, Dominika"]
[Black "Beczala, Pawel"]
[Result "1/2-1/2"]
[WhiteElo "1909"]
[BlackElo "1730"]
[PlyCount "42"]
[EventDate "2011.08.18"]
[EventType "swiss"]
[EventRounds "9"]
[EventCountry "POL"]
[SourceTitle "CBM 144 Extra"]
[Source "ChessBase"]
[SourceDate "2011.10.28"]
[SourceVersion "1"]
[SourceVersionDate "2011.10.28"]
[SourceQuality "1"]

1. e4 c5 2. Nf3 Nc6 3. d4 cxd4 4. Nxd4 Nf6 5. Nc3 e6 6. Ndb5 Bb4 7. a3 Bxc3+ 8. Nxc3 d5 9. exd5 Nxd5 10. Nxd5 exd5 11. Be2 Be6 12. 0-0 0-0 13. Bd3 f5 14. Re1 Re8 15. Bf4 Qf6 16. b3 Bf7 17. Qd2 h6 18. h4 Rac8 19. Rad1 a6 20. Rxe8+ Rxe8 21. c3 Ne5 1/2-1/2

[Event "Rewal op-B 16th"]
[Site "Rewal"]
[Date "2011.08.22"]
[Round "3"]
[White "Borawski, Jakub"]
[Black "Beczala, Pawel"]
[Result "1-0"]
[WhiteElo "1897"]
[BlackElo "1730"]
[PlyCount "67"]
[EventDate "2011.08.18"]
[EventType "swiss"]
[EventRounds "9"]
[EventCountry "POL"]
[SourceTitle "CBM 144 Extra"]
[Source "ChessBase"]
[SourceDate "2011.10.28"]
[SourceVersion "1"]
[SourceVersionDate "2011.10.28"]
[SourceQuality "1"]

1. e4 e6 2. d4 d5 3. Nc3 Bb4 4. Qd3 Bxc3+ 5. bxc3 dxe4 6. Qxe4 Nf6 7. Qh4 a6 8. Nf3 b6 9. Ne5 Bb7 10. Qg3 Nh5 11. Qh3 g6 12. Be2 Ng7 13. Bf3 c6 14. Ba3 Nf5 15. Be4 Qc7 16. Qf3 f6 17. Nc4 Kf7 18. g4 Ne7 19. Bd6 Qd8 20. Be5 Bc8 21. g5 Nd7 22. gxf6 b5 23. Bxc6 Nxc6 24. Qxc6 Ra7 25. Qxc8 bxc4 26. Qxc4 Nxe5 27. dxe5 Qa5 28. Qd4 Rb7 29. 0-0 Rf8 30. Qe3 Rc8 31. Rfb1 Rbc7 32. Rb3 Rxc3 33. Qh6 Qxe5 34. Qg7+ 1-0

[Event "Podlaskie-ch U15 17th"]
[Site "Suwalki"]
[Date "2011.04.18"]
[Round "6"]
[White "Beczala, Pawel"]
[Black "Molenda, Marcin"]
[Result "1/2-1/2"]
[WhiteElo "1693"]
[BlackElo "1614"]
[PlyCount "111"]
[EventDate "2011.04.14"]
[EventType "swiss"]
[EventRounds "10"]
[EventCountry "POL"]
[SourceTitle "EXT 2012"]
[Source "ChessBase"]
[SourceDate "2011.11.24"]
[SourceVersion "1"]
[SourceVersionDate "2011.11.24"]
[SourceQuality "1"]

1. e4 e5 2. Nf3 Nc6 3. d4 exd4 4. Bc4 d6 5. Nxd4 Be7 6. Nc3 Nf6 7. 0-0 0-0 8. Kh1 Ng4 9. Nxc6 bxc6 10. f4 Bf6 11. h3 Bxc3 12. bxc3 Nf6 13. Bd3 Re8 14. Qf3 Bb7 15. f5 h6 16. Qg3 Kh7 17. Re1 c5 18. e5 dxe5 19. Ba3 e4 20. Bc4 Qd6 21. Qe3 Nd5 22. Bxd5 Qxd5 23. Qxc5 Qxc5 24. Bxc5 Re5 25. Be3 Rxf5 26. Rad1 Bc6 27. Rd4 Ra5 28. Rc4 Bd5 29. Rxc7 Rxa2 30. c4 Rxc2 31. Bxa7 Rxc4 32. Rxc4 Bxc4 33. Rxe4 Rxa7 34. Rxc4 Ra3 35. Kh2 Re3 36. Rf4 Kg6 37. Rf2 f6 38. h4 h5 39. g3 Kf7 40. Ra2 Ke6 41. Ra6+ Kf5 42. Ra5+ Re5 43. Ra2 Re4 44. Kh3 Re3 45. Kg2 Rc3 46. Ra5+ Kg6 47. Ra2 Kh6 48. Rf2 Re3 49. Ra2 Re6 50. Kf3 g5 51. hxg5+ fxg5 52. Rb2 Kg6 53. Ra2 Kf5 54. Ra3 Rc6 55. Ra5+ Kf6 56. Ra3 1/2-1/2